Nordost-Archiv. - Lüneburg : Nordost-Inst.. - 1968 [Rezension]
| Titel: | Nordost-Archiv. - Lüneburg : Nordost-Inst.. - 1968 [Rezension] |
|---|---|
| Verfasser: | |
| In: |
Journal of Baltic studies, Band 29, Heft 3 (1998), Seite 282-283 alle Artikel anzeigen |
| Veröffentlicht: | 1998 |
| Format: | Aufsatz |
| Sprache: | Englisch |
X
alg: 39512554 001A $01999:12-11-16 001B $01999:04-08-21 $t21:05:39.000 001D $01999:12-11-16 001U $0utf8 001X $00 002@ $0Aox 003@ $0395125545 007A $0395125545 $aHEB 007T $0Herd11430 010@ $aeng 011@ $a1998 021A $aNordost-Archiv. - Lüneburg : Nordost-Inst.. - 1968 [Rezension] 028A $aUrban $dWilliam 031A $d29 $e3 $h282-283 $j1998 039B $aIn $8--Abvc--. Journal of Baltic studies. - Abingdon : Routledge, 1972-. - ISSN 0162-9778 $x199800000290003718 $9047244860 039T $8--Abvc--. Nordost-Archiv. - Stuttgart : Franz Steiner Verlag, 1968-. - ISSN 0029-1595 $904783837X 045F $a900.9479 $eDDC23BSB 045F/01 $a900 045F/03 $g479 045F/03 $g4798 045F/03 $g4793 045T $a7,41 $a7,44 lok: 39512554 78 exp: 39512554 78 1 #EPN 201B/01 $018-11-16 $t13:49:15.000 201U/01 $0utf8 203@/01 $0791424197 208@/01 $a12-11-16 $be 209A/01 $a/ $f000 $x00 220C/01 $aTitelaufnehmer: ej 244Z/01 $2Trx $#Prusy Wschodnie i Zachodnie $8--Trx--Ost- und Westpreußen $x01 $939113373X 244Z/01 $2Trx $#Baltijos šalys $#kraje bałtyckie $#Baltikum $8--Trx--Baltische Länder $x02 $9391352903 244Z/01 $2Trx $#Litauen $#Lithuania $#Litwa $#Litva $#Litva $8--Trx--Lietuva $x03 $9391193457 244Z/01 $2Trx $#Estija $#Igaunija $#Estland $#Estonia $#Estonia $#Estónsko $#Estonsko $8--Trx--Eesti $x04 $9391237225 244Z/01 $2Trx $#Latvija $#Lettland $#Łotwa $#Lotyšsko $8--Trx--Latvija $x05 $9391275879 244Z/01 $2Trx $#arvustused $#recenzijos $#Reviews $#recenziók $#recenzje $#recenzie $#recenze $8--Trx--Rezensionen $x06 $9391357441 247C/01 $82080>Marburg/Lahn, Herder-Institut, Forschungsbibliothek, Bibliographieportal $9336309341
| LEADER | 00000caa a22000002c 4500 | ||
|---|---|---|---|
| 001 | 395125545 | ||
| 003 | DE-603 | ||
| 005 | 20210804210539.0 | ||
| 007 | tu | ||
| 008 | 161112s1998 xx |||| | u00||u|eng c | ||
| 035 | |a (DE-599)HEB395125545 | ||
| 040 | |a DE-603 |b ger |c DE-603 |d DE-603 | ||
| 041 | |a eng | ||
| 082 | 0 | 4 | |8 1\u |a 900.9479 |q DE-101 |2 23/BSB |
| 084 | |a 7,41 |a 7,44 |2 ssgn | ||
| 085 | |8 1\u |b 900 | ||
| 085 | |8 1\u |z 2 |s 479 | ||
| 085 | |8 1\u |z 2 |s 4798 | ||
| 085 | |8 1\u |z 2 |s 4793 | ||
| 100 | 1 | |a Urban, William | |
| 245 | 0 | 0 | |a Nordost-Archiv. - Lüneburg : Nordost-Inst.. - 1968 [Rezension] |
| 264 | 0 | |c 1998 | |
| 773 | 0 | 8 | |i In |t Journal of Baltic studies |d Abingdon : Routledge, 1972- |x 0162-9778 |g Band 29, Heft 3 (1998), Seite 282-283 |w (DE-603)047244860 |w (DE-600)197751-9 |
| 787 | 0 | 8 | |i Rezension von |t Nordost-Archiv |d Stuttgart : Franz Steiner Verlag, 1968- |h 24 cm |x 0029-1595 |w (DE-603)04783837X |w (DE-600)547267-2 |
| 924 | 0 | |9 2080 |a (DE-603)791424197 |b DE-2080 |c HES |d d |g / | |


